| 000 | 00949nam a2200217 u 4500 | ||
|---|---|---|---|
| 005 | 20251205064007.0 | ||
| 008 | 001023s1991 mx r 000 0 spa d | ||
| 020 | _a9686104097 | ||
| 035 | _aUPN01000118097 | ||
| 049 | _aCG | ||
| 050 | 4 |
_aLB5 _bT47 no.9 |
|
| 100 | 1 |
_aHernández González, Joaquín _941482 |
|
| 245 | 1 | 3 |
_aLa enseñanza de las ciencias naturales : _bentre una (re)descripción de la experiencia cotidiana y una resignificación del conocimiento escolar / _cJoaquín Hernández González. |
| 260 |
_aMéxico : _bIPN, Centro de Investigación y de Estudios Avanzados, Departamento de Investigaciones Educativas, _c1991. |
||
| 300 | _a90 p. | ||
| 440 | 0 |
_aTesis DIE ; _v9 |
|
| 502 | _aTesis (Maestría en Ciencias Especialidad en Educación) -- Instituto Politécnico Nacional, 1991 | ||
| 650 | 4 |
_aAprendizaje mediante descubrimiento _97609 |
|
| 650 | 4 |
_aCiencias naturales _xEstudio y enseñanza (Elemental) _92812 |
|
| 905 | _aLibro | ||
| 999 |
_c90487 _d90487 |
||